00606pam a2200133 a 4500020001700000020002200017040000800039082002600047245019100073260010600264300003600370650002300406710004300429 a0566007215 : a0566051052 (pbk.) cDLC00a331 GOW 1985 A068 Or.00aWomen in rice farming :bproceedings of a conference on women in rice farming systems, the International Rice Research Institute, P.O. Box 933, Manila, Philippines, 26-30 September 1983. aAldershot, Hants, England ;aBrookfield, Vt., U.S.A. :bGower ;aManila, Philippines :bIRRI,cc1985. axxxiv, 531 p. :bill. ;c23 cm. 0aWomen rice workers2 aInternational Rice Research Institute.